Hospodářská komora České republiky

Problematika Hospodárskej komory Českej republiky (HK ČR). Rola Hospodárskej komory, jej aktivity. Členská základňa HK ČR. Okresné hospodárske komory. Prehľad krajských hospodárskych komôr. Orgány okresnej hospodárskej komory.

Saved in:
Bibliographic Details
Main Author: Syrovátková, Jaroslava
Format: Book Chapter
Language:Czech
Subjects:
Tags: Add Tag
No Tags, Be the first to tag this record!

MARC

LEADER 00000naa$a2200000$$$4500
001 0025596
005 20231107070648.0
041 0 |a cze 
044 |a CZ 
245 1 0 |a Hospodářská komora České republiky  |c Jaroslava Syrovátková 
520 |a Problematika Hospodárskej komory Českej republiky (HK ČR). Rola Hospodárskej komory, jej aktivity. Členská základňa HK ČR. Okresné hospodárske komory. Prehľad krajských hospodárskych komôr. Orgány okresnej hospodárskej komory. 
610 2 0 |a komory hospodárske 
610 2 0 |a Hospodárska komora Českej republiky 
610 2 0 |a Česko 
610 2 0 |a aktivita hospodárska 
610 2 0 |a orgány štatutárne 
610 2 0 |a osoby právnické 
610 2 0 |a podnikatelia 
100 1 |a Syrovátková, Jaroslava